Statistics for Football clubs that won the Champions League

Click here to take the quiz!

General Stats

  • This quiz has been taken 82 times
  • The average score is 10 of 19

Answer Stats

HintTitresAnswer% Correct
114Real Madrid
100%
36Bayern
90%
27AC Milan
88%
36Liverpool
85%
55Barcelona
84%
73Inter Milan
75%
73Manchester United
75%
131Marseille
71%
64Ajax
64%
92Juventus
56%
92Benfica
44%
92Nottingham Forest
44%
92Porto
44%
131PSV
34%
131Aston Villa
30%
131Celtic
25%
131Red Star
21%
131FCSB
5%
131Hamburger
1%

Score Distribution

Percentile by Number Answered

Percent of People with Each Score

Your Score History

You have not taken this quiz